| 000 | 00441nam a22001337a 4500 | ||
|---|---|---|---|
| 040 | _cNUST | ||
| 082 | _a200 THE | ||
| 100 |
_aFaryal Nosheen _970707 |
||
| 110 | _aSupervisor Dr. Usman Qamar | ||
| 245 | _aTh-SOF-2133 A Novel Approach to Compute Lower and Upper Approximations of Dominance Based Rough Set Theory | ||
| 260 |
_aISLAMABAD: _bNUST COLLEGE OF EME, _c2023. |
||
| 650 |
_aPhD SOFTWARE ENGINEERING-2023 _9109100 |
||
| 942 |
_2ddc _cTHE |
||
| 999 |
_c593303 _d593303 |
||